000 00747nam a2200229Ii 4500
003 JO-AjNU
008 230605s9999||||xx |||||||||||||| ||und||
017 _a2004/10/2515
020 _a9957-09-182-4
040 _aJO-AjNU
_bara
_erda
_cJO-AjNU
041 _aara
050 1 4 _aAC106.N375.2005
100 3 _aالناشف،تيسير,
_eauthor
_910862
245 0 0 _aالنشاط الفكري والتغير الاجتماعي
250 _aط1
264 3 1 _aعمان:دار ازمنة للنشر والتوزيع،2005
300 _a103ص
336 _atext
_btxt
_2rdacontent
337 _aunmediated
_bn
_2rdamedia
338 _avolume
_bnc
_2rdacarrier
650 4 _aالتغير الاجتماعي-المشاكل الاجتماعية
_910863
999 _aA2025
_c5593
_d5593